| 000 | 00622nam a2200181 a 4500 | ||
|---|---|---|---|
| 001 | 000007785 | ||
| 005 | 20200929154311.0 | ||
| 008 | 811219s1997 mx 001 1 spa | ||
| 020 | _a9681904052 | ||
| 040 |
_aDO-SdBNP _bspa _cBNPHU |
||
| 082 |
_aPR863 _bG643L |
||
| 100 | 1 |
_aGonzález, José Luis, _d1926-1996 _921489 |
|
| 245 | 1 | 3 |
_aLa llegada ; _bcrónica con "ficción" / _cJosé Luis González. |
| 260 |
_aMéxico : _bAlfaguara, _c1997. |
||
| 300 |
_a106, [6] p. ; _c22 cm. |
||
| 500 | _aIncloye datos biográficos en la del autor en la solapa de la cubierta | ||
| 651 | 4 |
_aPuerto Rico _xHistoria _y1898-1952 _xFicción _921490 |
|
| 999 |
_c7563 _d7563 |
||